Plantas de Persia y de Mesopotamia : (Record no. 174382)

MARC details
000 -LEADER
campo de control de longitud fija 01729namaa2200361 i 4500
001 - NÚMERO DE CONTROL
campo de control 174382
003 - IDENTIFICADOR DE NÚMERO DE CONTROL
campo de control ES-MaACL
005 - FECHA Y HORA DE LA ÚLTIMA TRANSACCIÓN
campo de control 20260211111648.0
008 - DATOS DE LONGITUD FIJA--INFORMACIÓN GENERAL
campo de control de longitud fija 100412s1918 sp | |||| ||spa d
080 ## - NÚMERO DE LA CLASIFICACIÓN DECIMAL UNIVERSAL
Número de la Clasificación Decimal Universal 581.9(567)
080 ## - NÚMERO DE LA CLASIFICACIÓN DECIMAL UNIVERSAL
Número de la Clasificación Decimal Universal 581.9(55)
100 1# - ENTRADA PRINCIPAL--NOMBRE DE PERSONA
Nombre de persona Pau, Carlos (
Fechas asociadas al nombre 1857-1937)
9 (RLIN) 142490
245 10 - MENCIÓN DEL TÍTULO
Título Plantas de Persia y de Mesopotamia :
Resto del título recogidas por D. Fernando Martínez de la Escalera /
Mención de responsabilidad, etc. por Carlos Pau y Carlos Vicioso ; (con 5 láminas y una figura en el texto).
260 ## - PUBLICACIÓN, DISTRIBUCIÓN, ETC.
Lugar de publicación, distribución, etc. Madrid :
Nombre del editor, distribuidor, etc. [Museo Nacional de Ciencias Naturales],
Fecha de publicación, distribución, etc. 1918.
300 ## - DESCRIPCIÓN FÍSICA
Extensión 48 p., V h. de lám. :
Otras características físicas 1 il. ;
Dimensiones 23 cm.
490 1# - MENCIÓN DE SERIE
Mención de serie Trabajos del Museo Nacional de Ciencias Naturales. Serie botánica ;
Designación de volumen o secuencia 14
504 ## - NOTA DE BIBLIOGRAFÍA, ETC.
Nota de bibliografía, etc. Bibliografía: p. [47]-48.
530 ## - NOTA DISPONIBLE DE FORMULARIO FÍSICO ADICIONAL
Nota de formato físico adicional disponible Disponible en formato digital.
594 ## - Nota al título y mención de responsabilidad
Nota al título y mención de responsabilidad Precede al tít.: Junta para Ampliación de Estudios e Investigaciones Científicas.
599 ## - NOTA A LAS ILUSTRACIONES
NOTA A LAS ILUSTRACIONES Lám.: "L. de la Vega, del" ; "Fototipia de Hauser y Menet" ; Lám. col.: "Crespí J."
650 #4 - PUNTO DE ACCESO ADICIONAL DE MATERIA--TÉRMINO DE MATERIA
Término de materia o nombre geográfico como elemento de entrada Flora-
Subdivisión geográfica Irak.
9 (RLIN) 142491
650 #4 - PUNTO DE ACCESO ADICIONAL DE MATERIA--TÉRMINO DE MATERIA
Término de materia o nombre geográfico como elemento de entrada Flora-
Subdivisión geográfica Irán.
9 (RLIN) 142492
700 1# - ENTRADA AGREGADA--NOMBRE PERSONAL
Nombre de persona Martínez de la Escalera, Fernando.
9 (RLIN) 142314
700 1# - ENTRADA AGREGADA--NOMBRE PERSONAL
Nombre de persona Vicioso, Carlos (
Fechas asociadas al nombre 1886-1968)
9 (RLIN) 114383
710 2# - ENTRADA AGREGADA--NOMBRE DE ENTIDAD CORPORATIVA
Nombre de entidad corporativa o nombre de jurisdicción como elemento de entrada Junta para la Ampliación de Estudios e Investigaciones Científicas.
9 (RLIN) 5413
710 2# - ENTRADA AGREGADA--NOMBRE DE ENTIDAD CORPORATIVA
Nombre de entidad corporativa o nombre de jurisdicción como elemento de entrada Museo Nacional de Ciencias Naturales (España)
9 (RLIN) 5897
710 2# - ENTRADA AGREGADA--NOMBRE DE ENTIDAD CORPORATIVA
Nombre de entidad corporativa o nombre de jurisdicción como elemento de entrada Hauser y Menet (Madrid)
9 (RLIN) 4558
830 1# - PUNTO DE ACCESO ADICIONAL DE SERIE-TÍTULO UNIFORME
Título uniforme Trabajos del Museo Nacional de Ciencias Naturales. Serie botánica ;
Designación de volumen o secuencia 14
9 (RLIN) 189324
852 4# - LOCALIZACIÓN
Ubicación ES-MaACL
Número de control de estantería B-13137(7)
Ubicación en estantería Sala Pardo Bazán
Encuadernación Encuadernado con otras obras
856 4# - LOCALIZACIÓN Y ACCESO ELECTRÓNICOS
Identificador Uniforme de Recursos <a href="https://bibdigital.rjb.csic.es/idurl/1/10027 ">https://bibdigital.rjb.csic.es/idurl/1/10027 </a>
Texto de enlace Biblioteca Digital del Real Jardín Botánico
942 ## - ELEMENTOS DE ENTRADA SECUNDARIOS (KOHA)
Fuente del sistema de clasificación o colocación Clasificación decimal universal
Holdings
Estatus retirado Estado de pérdida Estado de daño No para préstamo Colección Biblioteca de origen Biblioteca actual Ubicación en estantería Fecha de adquisición Fuente de adquisición Total de préstamos Signatura topográfica completa Código de barras Visto por última vez Precio de reemplazo Tipo de ítem Koha
        Colección digital Biblioteca del Ateneo de Madrid Biblioteca del Ateneo de Madrid Sala Pardo Bazán 12/04/2010     B-13137(7) 1183038 23/02/2023 23/02/2023 Libro impreso